000 00882nam a2200241Ia 4500
999 _c36026
_d36026
001 1925
003 GE_BSU
005 20221011154221.0
008 181216s2006ru xx |||||||||||||| ||rus||
020 _a5932952474
040 _cGE_BSU
041 _arus
080 _a347.963(035)(100) Д-60
100 _aДодонов, В.Н.
_915244
245 _aПрокуратуры стран мира :
_bСправочник /
_cВ.Н. Додонов, Под. ред. С.П. Щербы.
264 _aМосква :
_bЮроитинформ,
_c2006.
300 _a320 с.:
_b19 см.
653 _aПрокуратуры стран мира .
653 _aმსოფლიოს ქვეყნების პროკურატურები
653 _aსამართალი
700 _aЩербы, С.П.
_eრედაქტორი
_915245
942 _cBK
_2udc